| 000 | 00502cam a2200193ua 4500 | ||
|---|---|---|---|
| 020 | _c8.40 | ||
| 041 |
_aeng _h |
||
| 082 |
_a620 _bOUL/EN |
||
| 100 | _aOulsnam, S.R . | ||
| 245 |
_aEngineering laboratory work: Applied mechanics S3, Part I / _cS.R.Oulsnam. _hTextual Documents |
||
| 260 |
_aLondon : _bCleaver-Hume press Ltd , _c1960. |
||
| 300 | _a141 ; . | ||
| 365 | _a8.40 | ||
| 504 | _a | ||
| 700 | 1 | _aBrothers, B.G . | |
| 942 | _cBK | ||
| 999 |
_c11081 _d11081 |
||